000 01382cam a2200289 a 4500
001 79731
003 BD-RjUL
005 20220419140206.0
008 990226s1998 su b 001 0 ara d
035 _a(BD-RjUL)79731
040 _aMH
_cMH
_dCStRLIN
_dDLC-R
_beng
041 _aara
082 _223
_a297.125
_bZAK 1998
100 1 _aZamakhsharī, Maḥmūd ibn ʿUmar,الزمخشري، محمود بن عمر،
_d1075-1144.
_92581
245 1 3 _aالكشاف عن حقائق التنزيل وعيون الأقاويل في وجوه التأويل /[al-Kashshāf ʿan ḥaqāʼiq ghawāmiḍ al-tanzīl wa-ʿuyūn al-aqāwīl fī wujūh al-taʼwīl] /
_cأبو القاسم جار الله محمود بن عمر الزمخشري الخوارزمي.[li-Jār Allāh Abī al-Qāsim Maḥmūd ibn ʿUmar al-Zamakhsharī ; taḥqīq wa-taʿlīq wa-dirāsat ʿĀdil AḥmadʿAbd al-Mawjūd, ʿAlī Muḥammad Muʿawwaḍ.]
246 1 8 _aKashshāf
250 _aal-Ṭabʿah 2
260 _aal-Riyāḍ :
_bMaktabat al-ʿUbaykān,
_c1998.
300 _a6 v. ;
_c25 cm.
504 _aIncludes bibliographical references and indexes.
650 _aالقرآن الكريم
_vتفسير
_92582
700 1 _aʿAbd al-Mawjūd, ʿĀdil Aḥmad.
_92583
700 1 _aMuʿawwaḍ, ʿAlī Muḥammad.
_92584
880 0 4 _6630-05/(3/r
_aقرٱن.
942 _2ddc
_cBK
999 _c79731
_d79731